KOHA-Header-6

Warafana Lakazikrak (Record no. 7511)

000 -LEADER
fixed length control field 00250nam a2200109Ia 4500
100 ## - MAIN ENTRY--AUTHOR NAME
Personal name Mehmood Qadri
245 #0 - TITLE STATEMENT
Title Warafana Lakazikrak
260 ## - PUBLICATION, DISTRIBUTION, ETC. (IMPRINT)
Place of publication Karachi
Name of publisher Hasaan
Year of publication 2009
300 ## - PHYSICAL DESCRIPTION
Number of Pages 192
942 ## - ADDED ENTRY ELEMENTS (KOHA)
Koha item type Books
Holdings
Withdrawn status Lost status Collection code Permanent Location Current Location Shelving location Date acquired Full call number Accession Number Koha item type
    Islamic Studies MAJU MAJU   2019-09-12 910.4 1400 Islamic Studies

Powered by Koha